<?xml version="1.0" encoding="UTF-8"?>
<record
    xmlns:xsi="http://www.w3.org/2001/XMLSchema-instance"
    xsi:schemaLocation="http://www.loc.gov/MARC21/slim http://www.loc.gov/standards/marcxml/schema/MARC21slim.xsd"
    xmlns="http://www.loc.gov/MARC21/slim">

  <leader>00976nam a22002177a 4500</leader>
  <controlfield tag="005">20110812112040.0</controlfield>
  <datafield tag="020" ind1=" " ind2=" ">
    <subfield code="a">8173051399</subfield>
  </datafield>
  <datafield tag="082" ind1="0" ind2="0">
    <subfield code="a">277</subfield>
  </datafield>
  <datafield tag="100" ind1="1" ind2=" ">
    <subfield code="a">Lammens, H.</subfield>
    <subfield code="d">1862-1937.</subfield>
    <subfield code="9">32750</subfield>
  </datafield>
  <datafield tag="245" ind1="1" ind2="0">
    <subfield code="a">Islam: beliefs and institutions,</subfield>
    <subfield code="c">by H. Lammens, translated [from the French] by Sir E. Denison Ross.</subfield>
  </datafield>
  <datafield tag="260" ind1=" " ind2=" ">
    <subfield code="a">New Delhi:</subfield>
    <subfield code="b">Aryan Book International, </subfield>
    <subfield code="c">2002.</subfield>
  </datafield>
  <datafield tag="270" ind1=" " ind2=" ">
    <subfield code="a">4378/4B, Pooja Apartment, Ansari Road Darya Ganj </subfield>
    <subfield code="b">New Delhi</subfield>
    <subfield code="e">110002</subfield>
  </datafield>
  <datafield tag="300" ind1=" " ind2=" ">
    <subfield code="a">ix, 256 p.</subfield>
    <subfield code="b">geneal. table.</subfield>
    <subfield code="c">22 cm. (Hb)</subfield>
  </datafield>
  <datafield tag="440" ind1=" " ind2="0">
    <subfield code="a">The masterpiece library of Islam,</subfield>
    <subfield code="v">3</subfield>
  </datafield>
  <datafield tag="490" ind1=" " ind2=" ">
    <subfield code="a">The masterpiece library of Islam</subfield>
    <subfield code="v">3</subfield>
    <subfield code="9">32751</subfield>
  </datafield>
  <datafield tag="500" ind1=" " ind2=" ">
    <subfield code="a">This translation originally published, London, Methuen, 1929. Originally published as L'Islam; croyances et institutions. Beirut, 1926.</subfield>
  </datafield>
  <datafield tag="500" ind1=" " ind2=" ">
    <subfield code="a">Includes bibliographical references and index</subfield>
  </datafield>
  <datafield tag="650" ind1=" " ind2="0">
    <subfield code="a">Islam.</subfield>
    <subfield code="9">32752</subfield>
  </datafield>
  <datafield tag="700" ind1="1" ind2=" ">
    <subfield code="a">Ross, E. Denison</subfield>
    <subfield code="q">(Edward Denison),</subfield>
    <subfield code="c">Sir,</subfield>
    <subfield code="d">1871-1940,</subfield>
    <subfield code="e">tr.</subfield>
    <subfield code="9">32732</subfield>
  </datafield>
  <datafield tag="942" ind1=" " ind2=" ">
    <subfield code="2">ddc</subfield>
    <subfield code="c">EN</subfield>
    <subfield code="h">270</subfield>
    <subfield code="m">LAM</subfield>
  </datafield>
  <datafield tag="999" ind1=" " ind2=" ">
    <subfield code="c">55330</subfield>
    <subfield code="d">55330</subfield>
  </datafield>
</record>
